Rodzaje chmur - Statystyki

Ogólne statystyki
  • Ten quiz został rozwiązany 609 razy
  • Średni wynik to 8 z 10
Statystyki odpowiedzi
Obrazkowy Hint Odpowiedź % Poprawnych
chmura pierzasta Cirrus
99%
chmura kłębisto-pierzasta Cirrocumulus
88%
chmura warstwowo-pierzasta Cirrostratus
86%
chmura kłębista deszczowa Cumulonimbus
83%
chmura kłębista Cumulus
77%
chmura warstwowa Altostratus
73%
chmura warstwowo-deszczowa Nimbostratus
73%
chmura kłębista Altocumulus
69%
chmura warstwowa Stratus
67%
chmura kłębisto-warstwowa Stratocumulus
64%
Nie znaleziono quizów pasujących do podanych kryteriów
Rozkład punktacji
Procent ludzi z każdym wynikiem
Percentyl według liczby udzielonych odpowiedzi
Twoja historia wyników
Nie rozwiązałeś tego quizu